[Event "Kreismeisterschaft Mittelfranken Mitte 2"]
[Site "Nuernberg"]
[Date "2026.01.02"]
[Round "1.1"]
[White "Poerzgen, Michael"]
[Black "Adeluette, Dennis"]
[Result "0-1"]
[WhiteElo "1833"]
[BlackElo "2103"]
[PlyCount "112"]
[EventDate "2026.01.02"]
[WhiteTeam "SC Schwarz-WeiÃŸ NÃ¼rnberg SÃ¼d e.V"]
[BlackTeam "SC JÃ„KLECHEMIE Talente Franken e"]

1. d4 d5 2. Nf3 Nf6 3. e3 c6 4. Bd3 Bg4 5. h3 Bh5 6. O-O Nbd7 7. Nbd2 e5 8.
dxe5 Nxe5 9. Be2 Nxf3+ 10. Nxf3 Bd6 11. b3 O-O 12. Bb2 Qe7 13. Rc1 Ba3 14. Bxa3
Qxa3 15. Ra1 Ne4 16. Nd4 Bg6 17. c4 dxc4 18. Bxc4 Rad8 19. Qg4 Nf6 20. Qe2 a6
21. Qf3 Be4 22. Qf4 c5 23. Nf5 Bxf5 24. Qxf5 b5 25. Be2 Rd2 26. Bf3 Rxa2 27.
Rxa2 Qxa2 28. Qxc5 Qxb3 29. Ra1 Nd7 30. Qd4 Qe6 31. Bd5 Qb6 32. Qxb6 Nxb6 33.
Bb7 Rb8 34. Bxa6 Ra8 35. Rd1 b4 36. Bb7 Rb8 37. Be4 g6 38. Bc2 Nc4 39. Bb3 Na5
40. Rb1 Nxb3 41. Rxb3 Kf8 42. Kf1 Ke7 43. Ke2 Kd6 44. Kd3 Kc5 45. Rb1 Rd8+ 46.
Kc2 Kc4 47. Rc1 b3+ 48. Kb1+ Kb4 49. Rc7 Rd1+ 50. Rc1 Rd2 51. Rc7 Rxf2 52. Rb7+
Kc3 53. Rc7+ Kd3 54. Rb7 b2 55. Rd7+ Kxe3 56. Re7+ Kd4 0-1

[Event "Kreismeisterschaft Mittelfranken Mitte 2"]
[Site "Nuernberg"]
[Date "2026.01.02"]
[Round "1.2"]
[White "Lemba, Albert"]
[Black "Yanpala, Oguz Faruk"]
[Result "1-0"]
[WhiteElo "1973"]
[BlackElo "1624"]
[PlyCount "51"]
[EventDate "2026.01.02"]
[WhiteTeam "SC Noris-Tarrasch NÃ¼rnberg 1873"]
[BlackTeam "SC JÃ„KLECHEMIE Talente Franken e"]

1. e4 c5 2. Nf3 d6 3. d4 cxd4 4. Nxd4 Nf6 5. Nc3 g6 6. Be3 Bg7 7. f3 O-O 8. Qd2
Nc6 9. Bc4 a6 10. O-O-O Bd7 11. Bb3 b5 12. h4 h5 13. Nxc6 Bxc6 14. Bh6 a5 15.
Qg5 a4 16. Bxg7 Kxg7 17. Bd5 Bxd5 18. Nxd5 Nxd5 19. Rxd5 b4 20. Qe3 Qb8 21.
Rxh5 gxh5 22. Qg5+ Kh7 23. Qxh5+ Kg7 24. Qg5+ Kh7 25. Rh3 f5 26. Rg3 1-0

[Event "Kreismeisterschaft Mittelfranken Mitte 2"]
[Site "Nuernberg"]
[Date "2026.01.02"]
[Round "1.3"]
[White "Martick, Ralph"]
[Black "Redzepovic, Irfan"]
[Result "0-1"]
[WhiteElo "1767"]
[BlackElo "1992"]
[PlyCount "56"]
[EventDate "2026.01.02"]
[WhiteTeam "SV Postbauer e.V."]
[BlackTeam "SC Schwarz-WeiÃŸ NÃ¼rnberg SÃ¼d e.V"]

1. b3 Nf6 2. Bb2 e6 3. Nf3 d5 4. c4 Nbd7 5. cxd5 exd5 6. e3 Bd6 7. Be2 Qe7 8.
O-O O-O 9. Nd4 Bc5 10. d3 Re8 11. Nd2 Nf8 12. Re1 c6 13. N2f3 Bb4 14. Rf1 Bd6
15. Rc1 Bd7 16. Re1 c5 17. Nc2 b5 18. d4 c4 19. Ne5 Bf5 20. a4 cxb3 21. Na1
bxa4 22. Bb5 a3 23. Bxa3 Bxa3 24. Rb1 Bxb1 25. Qxb1 Rec8 26. Nxb3 Rab8 27. Nc6
Rxc6 28. Bxc6 Qb4 0-1

[Event "Kreismeisterschaft Mittelfranken Mitte 2"]
[Site "Nuernberg"]
[Date "2026.01.02"]
[Round "1.4"]
[White "Seibold, Hubert"]
[Black "Babichev, Vyacheslav"]
[Result "1-0"]
[WhiteElo "2034"]
[BlackElo "1798"]
[PlyCount "85"]
[EventDate "2026.01.02"]
[WhiteTeam "SK Zirndorf e.V."]
[BlackTeam "SC Schwarz-WeiÃŸ NÃ¼rnberg SÃ¼d e.V"]

1. c4 g6 2. Nc3 Bg7 3. g3 c6 4. Bg2 d6 5. Nf3 e6 6. d4 Ne7 7. h4 h5 8. Bf4 Nd7
9. Bxd6 Nb6 10. c5 Nc4 11. Bxe7 Qxe7 12. b3 Na3 13. O-O O-O 14. e3 Rd8 15. Qc1
Nb5 16. Nxb5 cxb5 17. Rd1 Bd7 18. Ng5 Be8 19. Ne4 Rac8 20. Nd6 Rc7 21. Qd2 Bc6
22. Bxc6 bxc6 23. f4 f5 24. a4 bxa4 25. Rxa4 Qd7 26. b4 Bf8 27. Nc4 Qd5 28. Qe2
Kh7 29. Rda1 Rdd7 30. Ne5 Rg7 31. Qg2 Qb3 32. R1a3 Qb1+ 33. Kh2 Rge7 34. Nxc6
Red7 35. Ne5 Rd5 36. Rxa7 Rxa7 37. Rxa7+ Bg7 38. Nf3 Kh6 39. Ng5 Qb3 40. Nxe6
Bf6 41. Ng5 Bg7 42. b5 Rd8 43. Nf7+ 1-0

[Event "Kreismeisterschaft Mittelfranken Mitte 2"]
[Site "Nuernberg"]
[Date "2026.01.02"]
[Round "1.5"]
[White "Meyer, Stefan"]
[Black "Erlbeck, Peter"]
[Result "0-1"]
[WhiteElo "1708"]
[BlackElo "2019"]
[PlyCount "62"]
[EventDate "2026.01.02"]
[WhiteTeam "SC Noris-Tarrasch NÃ¼rnberg 1873"]
[BlackTeam "SC Schwarz-WeiÃŸ NÃ¼rnberg SÃ¼d e.V"]

1. d4 f5 2. c4 Nf6 3. g3 g6 4. Bg2 Bg7 5. Nc3 d6 6. Nf3 O-O 7. O-O Qe8 8. Re1
Qf7 9. b3 Ne4 10. Ng5 Nxc3 11. Nxf7 Nxd1 12. Nh6+ Kh8 13. Rxd1 Nc6 14. Be3 f4
15. Bxf4 Nxd4 16. Rxd4 Bxd4 17. Rd1 Bg7 18. h3 Rxf4 19. gxf4 Bxh6 20. e3 c6 21.
Kh2 Bd7 22. Kg3 Rf8 23. a3 Bf5 24. b4 Be6 25. b5 cxb5 26. cxb5 b6 27. Rc1 Rc8
28. Bc6 g5 29. fxg5 Bxg5 30. Rd1 Bf6 31. e4 Rg8+ 0-1

[Event "Kreismeisterschaft Mittelfranken Mitte 2"]
[Site "Nuernberg"]
[Date "2026.01.02"]
[Round "1.6"]
[White "Kanewski, Josef"]
[Black "Hanek, Erik"]
[Result "1-0"]
[WhiteElo "1972"]
[BlackElo "1856"]
[PlyCount "67"]
[EventDate "2026.01.02"]
[WhiteTeam "SC Schwarz-WeiÃŸ NÃ¼rnberg SÃ¼d e.V"]
[BlackTeam "SC Schwarz-WeiÃŸ NÃ¼rnberg SÃ¼d e.V"]

1. d4 Nf6 2. c4 c5 3. d5 d6 4. Nc3 g6 5. e4 Bg7 6. Be2 O-O 7. Be3 e6 8. dxe6
Bxe6 9. Qd2 Nc6 10. Nf3 Na5 11. O-O-O Bxc4 12. Bf4 Bxa2 13. Qxd6 Nb3+ 14. Kc2
Qa5 15. Qc7 Qxc7 16. Bxc7 Nd4+ 17. Nxd4 cxd4 18. Rxd4 Be6 19. Be5 Rfc8 20. Kb1
Rc5 21. f4 a5 22. Rhd1 h5 23. Rd8+ Rxd8 24. Rxd8+ Kh7 25. Bd6 Rc8 26. Rxc8 Bxc8
27. Bc7 Bg4 28. Bc4 Ne8 29. Bxa5 Nd6 30. Bd5 Be6 31. Bc7 Bxc3 32. Bxd6 Bxd5 33.
exd5 Bd4 34. Bc7 1-0

[Event "Kreismeisterschaft Mittelfranken Mitte 2"]
[Site "Nuernberg"]
[Date "2026.01.02"]
[Round "1.8"]
[White "Civas, Ege Noyan"]
[Black "Walch, Roger"]
[Result "1-0"]
[WhiteElo "1847"]
[BlackElo "1779"]
[PlyCount "57"]
[EventDate "2026.01.02"]
[WhiteTeam "SC Schwarz-WeiÃŸ NÃ¼rnberg SÃ¼d e.V"]
[BlackTeam "SC Schwarz-WeiÃŸ NÃ¼rnberg SÃ¼d e.V"]

1. e4 c5 2. Nf3 d6 3. d4 cxd4 4. Nxd4 a6 5. c4 Nf6 6. Nc3 Nbd7 7. Be2 g6 8. Be3
Bg7 9. Qd2 O-O 10. f3 Qc7 11. Rc1 Qb8 12. g4 e5 13. Nc2 b6 14. Rd1 Ne8 15. h4
Bb7 16. h5 Ndf6 17. Bh6 Qc8 18. Bxg7 Kxg7 19. hxg6 fxg6 20. Qh6+ Kg8 21. Ne3
Qd7 22. c5 b5 23. cxd6 Rd8 24. g5 Nh5 25. Ncd5 Nxd6 26. Rxh5 gxh5 27. Nf6+ Rxf6
28. gxf6 Qf7 29. Nf5 1-0

[Event "Kreismeisterschaft Mittelfranken Mitte 2"]
[Site "Nuernberg"]
[Date "2026.01.02"]
[Round "1.10"]
[White "Pohl, Steffen"]
[Black "Mueller, Gerhard"]
[Result "1-0"]
[WhiteElo "1941"]
[BlackElo "1750"]
[PlyCount "91"]
[EventDate "2026.01.02"]
[WhiteTeam "SC JÃ„KLECHEMIE Talente Franken e"]
[BlackTeam "SC Schwarz-WeiÃŸ NÃ¼rnberg SÃ¼d e.V"]

1. e4 c5 2. d4 cxd4 3. c3 dxc3 4. Nxc3 Nc6 5. Nf3 e6 6. Bc4 a6 7. O-O b5 8. Bb3
Bc5 9. Qe2 Nd4 10. Nxd4 Bxd4 11. Be3 Qb6 12. Bxd4 Qxd4 13. Rad1 Qe5 14. f4 Qc5+
15. Kh1 Ne7 16. f5 f6 17. Qg4 Kf7 18. Ne2 a5 19. Qh5+ Kf8 20. a4 b4 21. Qf3 Ra7
22. fxe6 d6 23. Nd4 Qe5 24. Nb5 Ra6 25. Qd3 Rc6 26. Na7 Rb6 27. Nxc8 Nxc8 28.
Rd2 Rc6 29. Bd5 Rc5 30. Qa6 Qg5 31. Rdf2 Qg6 32. Bb7 Ke7 33. Rd1 Qg4 34. Rfd2
Qxe6 35. Bxc8 Rhxc8 36. Rxd6 Qc4 37. Rd7+ Ke8 38. Qb7 R5c7 39. Rxc7 Rxc7 40.
Qb8+ Rc8 41. Qd6 Qc6 42. Qd3 Qxa4 43. h3 Qc6 44. e5 fxe5 45. Qxh7 Qh6 46. Qg8+
1-0

[Event "Kreismeisterschaft Mittelfranken Mitte 2"]
[Site "Nuernberg"]
[Date "2026.01.02"]
[Round "1.11"]
[White "Koltsov, Roman"]
[Black "Vogiatzis, Dimitrios"]
[Result "0-1"]
[WhiteElo "1545"]
[BlackElo "1949"]
[PlyCount "84"]
[EventDate "2026.01.02"]
[WhiteTeam "SC Schwarz-WeiÃŸ NÃ¼rnberg SÃ¼d e.V"]
[BlackTeam "SC Noris-Tarrasch NÃ¼rnberg 1873"]

1. e4 e5 2. Nf3 d5 3. exd5 e4 4. Qe2 Qe7 5. Nd4 Nf6 6. Nc3 Nbd7 7. d3 exd3 8.
Qxe7+ Bxe7 9. Bxd3 O-O 10. Bf4 Bb4 11. O-O Bxc3 12. bxc3 Nxd5 13. Bd2 c6 14.
Rfe1 Nc5 15. Bc4 Ne6 16. Re5 Nec7 17. Rae1 Bd7 18. Nf5 Bxf5 19. Rxf5 Rfe8 20.
Rfe5 Kf8 21. f3 Rxe5 22. Rxe5 Re8 23. Rxe8+ Kxe8 24. a4 b5 25. Bb3 bxa4 26.
Bxa4 Kd7 27. Kf2 Ne6 28. Bb3 Kd6 29. g3 f5 30. c4 Nb6 31. Bc3 Kc5 32. Ke3 g6
33. Kd3 h6 34. Bb2 Kb4 35. Bc3+ Ka3 36. Be5 c5 37. Bb8 a5 38. Ba7 Nd7 39. Kc3
a4 40. h4 Nd8 41. g4 fxg4 42. fxg4 Nc6 0-1

[Event "Kreismeisterschaft Mittelfranken Mitte 2"]
[Site "Nuernberg"]
[Date "2026.01.02"]
[Round "1.12"]
[White "Simin, Vladimir"]
[Black "Bilger, Ralf"]
[Result "1-0"]
[WhiteElo "1935"]
[BlackElo "1746"]
[PlyCount "55"]
[EventDate "2026.01.02"]
[WhiteTeam "SC Schwarz-WeiÃŸ NÃ¼rnberg SÃ¼d e.V"]
[BlackTeam "SC Schwarz-WeiÃŸ NÃ¼rnberg SÃ¼d e.V"]

1. c4 Nf6 2. g3 g6 3. Bg2 c6 4. Nf3 Bg7 5. Nc3 d5 6. O-O d4 7. Nb1 O-O 8. d3
Re8 9. e3 dxe3 10. fxe3 e5 11. Nc3 Nbd7 12. d4 Nb6 13. Nxe5 c5 14. b3 cxd4 15.
exd4 Ng4 16. Nf3 Ne3 17. Bxe3 Rxe3 18. Qd2 Rxf3 19. Rxf3 Bg4 20. Rd3 Qd7 21.
Re1 Bf5 22. Be4 Re8 23. Kg2 Bh3+ 24. Kh1 Nc8 25. Bg2 Rxe1+ 26. Qxe1 Bxg2+ 27.
Kxg2 Bxd4 28. Qe4 1-0

[Event "Kreismeisterschaft Mittelfranken Mitte 2"]
[Site "Nuernberg"]
[Date "2026.01.02"]
[Round "1.13"]
[White "Klinger, Klaus"]
[Black "Duong, Ba Duc"]
[Result "0-1"]
[WhiteElo "1774"]
[BlackElo "1829"]
[PlyCount "38"]
[EventDate "2026.01.02"]
[WhiteTeam "Spvg Zabo-Eintracht NÃ¼rnberg e.V"]
[BlackTeam "SK NÃ¼rnberg 1911 e.V."]

1. e4 e6 2. d4 d5 3. e5 c5 4. c3 Nc6 5. Bb5 Qb6 6. Bxc6+ bxc6 7. Nf3 Ba6 8. b3
cxd4 9. cxd4 c5 10. Be3 Nh6 11. dxc5 Bxc5 12. Bxc5 Qxc5 13. Qd4 Qc1+ 14. Qd1
Rc8 15. Nbd2 Qc3 16. Ng1 Ng4 17. Qxg4 Qxa1+ 18. Qd1 Rc1 19. Qxc1 Qxc1# 0-1

[Event "Kreismeisterschaft Mittelfranken Mitte 2"]
[Site "Nuernberg"]
[Date "2026.01.02"]
[Round "1.14"]
[White "Ahlich, Thomas"]
[Black "Nuesslein, Christian Thomas"]
[Result "1-0"]
[WhiteElo "1942"]
[BlackElo "1791"]
[PlyCount "51"]
[EventDate "2026.01.02"]
[WhiteTeam "Spvg Zabo-Eintracht NÃ¼rnberg e.V"]
[BlackTeam "SC Anderssen NÃ¼rnberg 1929 e.V."]

1. Nf3 g6 2. d4 Nf6 3. c4 c5 4. e3 Bg7 5. Be2 O-O 6. O-O cxd4 7. exd4 d5 8. c5
Nc6 9. a3 a5 10. Nc3 Bg4 11. h3 Bxf3 12. Bxf3 Ne4 13. Be3 Nxc3 14. bxc3 e5 15.
Rb1 Rb8 16. Qd2 e4 17. Be2 f5 18. Bf4 Rc8 19. Rxb7 Rf7 20. Rfb1 Rxb7 21. Rxb7
Qf8 22. Qa2 Qd8 23. Bd6 Qf6 24. Qxd5+ Kh8 25. Bc4 Rd8 26. Qxc6 1-0

[Event "Kreismeisterschaft Mittelfranken Mitte 2"]
[Site "Nuernberg"]
[Date "2026.01.02"]
[Round "1.15"]
[White "Thoma, Dirk"]
[Black "Llugiq, Bajram"]
[Result "1/2-1/2"]
[WhiteElo "1753"]
[BlackElo "1914"]
[PlyCount "105"]
[EventDate "2026.01.02"]
[WhiteTeam "SC Noris-Tarrasch NÃ¼rnberg 1873"]
[BlackTeam "SC Schwarz-WeiÃŸ NÃ¼rnberg SÃ¼d e.V"]

1. d4 Nf6 2. Nf3 d5 3. Bg5 c5 4. c4 Nc6 5. e3 Bg4 6. Be2 e6 7. O-O Be7 8. Nc3
dxc4 9. dxc5 O-O 10. Qxd8 Raxd8 11. Rfd1 h6 12. Bh4 a6 13. Bxc4 g5 14. Bg3 Bxc5
15. a3 Nh5 16. Ne4 Be7 17. Bd6 Rfe8 18. Bxe7 Rxd1+ 19. Rxd1 Rxe7 20. Rd2 Bxf3
21. gxf3 Rc7 22. Be2 Ng7 23. Nf6+ Kf8 24. Rd7 Ne8 25. Rxc7 Nxc7 26. Nd7+ Ke7
27. Nc5 Nd8 28. Kg2 Kd6 29. Ne4+ Ke5 30. Nc5 f5 31. Bc4 Kd6 32. Nd3 Nc6 33. Ba2
e5 34. Bb3 Ne6 35. Bxe6 Kxe6 36. Nc5+ Kd5 37. Nxb7 f4 38. Kf1 Kc4 39. Ke2 a5
40. Kd2 h5 41. Kc2 g4 42. b3+ Kd5 43. fxg4 hxg4 44. exf4 exf4 45. Kd3 Ne5+ 46.
Ke2 a4 47. bxa4 Kd4 48. Nd6 Kd5 49. Nf5 Ke6 50. Nd4+ Kd5 51. Nf5 Ke6 52. Nd4+
Kd5 53. Nf5 1/2-1/2

[Event "Kreismeisterschaft Mittelfranken Mitte 2"]
[Site "Nuernberg"]
[Date "2026.01.02"]
[Round "1.16"]
[White "Waschner, Chili"]
[Black "Wenta, Theodor"]
[Result "1-0"]
[WhiteElo "1883"]
[BlackElo "1633"]
[PlyCount "107"]
[EventDate "2026.01.02"]
[WhiteTeam "Spvg Zabo-Eintracht NÃ¼rnberg e.V"]
[BlackTeam "SC Schwarz-WeiÃŸ NÃ¼rnberg SÃ¼d e.V"]

1. d4 Nf6 2. Nc3 e6 3. e4 Bb4 4. e5 Nd5 5. Qg4 g6 6. a3 Bf8 7. Nxd5 exd5 8. Bg5
Be7 9. Bxe7 Qxe7 10. Nf3 O-O 11. O-O-O d6 12. exd6 cxd6 13. Qg3 Nd7 14. Re1 Qf6
15. Bd3 Nb6 16. h4 h5 17. Qg5 Qxg5+ 18. Nxg5 Bd7 19. Re7 Rae8 20. Rhe1 Rxe7 21.
Rxe7 Kg7 22. b3 Kf6 23. Rxd7 Nxd7 24. Nh7+ Ke7 25. Nxf8 Nxf8 26. Kd2 Ne6 27.
Ke3 f5 28. g3 Kf6 29. Be2 b6 30. a4 a5 31. c3 Ke7 32. b4 Kf6 33. bxa5 bxa5 34.
Bb5 Nc7 35. Bd7 Ke7 36. Bc8 Kd8 37. Bb7 Ke7 38. f3 Kf6 39. Bc8 Ke7 40. Kf2 Na8
41. Bb7 Nb6 42. Bc6 Ke6 43. Ke3 Ke7 44. Kf4 Kf6 45. g4 fxg4 46. fxg4 hxg4 47.
Kxg4 Kg7 48. Kg5 Kf7 49. Bb5 Nc8 50. c4 dxc4 51. Bxc4+ Kg7 52. Be6 Ne7 53. d5
Kf8 54. Kf6 1-0

[Event "Kreismeisterschaft Mittelfranken Mitte 2"]
[Site "Nuernberg"]
[Date "2026.01.02"]
[Round "1.17"]
[White "Heemann, Jonas"]
[Black "Papst, Arthur"]
[Result "0-1"]
[WhiteElo "1627"]
[BlackElo "1772"]
[PlyCount "94"]
[EventDate "2026.01.02"]
[WhiteTeam "SK NÃ¼rnberg 1911 e.V."]
[BlackTeam "SK NÃ¼rnberg 1911 e.V."]

1. e4 c5 2. Nf3 d6 3. Bb5+ Nd7 4. O-O Ngf6 5. Re1 a6 6. Bxd7+ Bxd7 7. e5 dxe5
8. Nxe5 e6 9. d4 Qb6 10. c3 Rd8 11. Re2 cxd4 12. cxd4 Bb5 13. Rd2 Bb4 14. Nc3
Rc8 15. Rc2 Bxc3 16. Rxc3 O-O 17. Be3 Nd5 18. Rxc8 Rxc8 19. Rc1 Bc6 20. Nxc6
Rxc6 21. Rxc6 Qxc6 22. Qc1 Qxc1+ 23. Bxc1 Nb4 24. Bd2 Nc6 25. Bc3 Kf8 26. f3 f6
27. Kf2 Ke7 28. Ke3 Kd6 29. Ke4 f5+ 30. Ke3 Kd5 31. g4 g6 32. h4 Kc4 33. h5 b5
34. hxg6 hxg6 35. gxf5 gxf5 36. Kf4 b4 37. Be1 Kxd4 38. a3 bxa3 39. bxa3 Kc4
40. Kg5 Nd4 41. f4 Nf3+ 42. Kf6 Nxe1 43. Kxe6 Kb3 44. Kxf5 Nd3 45. Ke4 Nxf4 46.
Ke3 Kxa3 47. Kd2 Kb2 0-1

[Event "Kreismeisterschaft Mittelfranken Mitte 2"]
[Site "Nuernberg"]
[Date "2026.01.02"]
[Round "1.18"]
[White "Werner, Norbert"]
[Black "Barnowski, Roman"]
[Result "1-0"]
[WhiteElo "1875"]
[BlackElo "1730"]
[PlyCount "55"]
[EventDate "2026.01.02"]
[WhiteTeam "SC Schwarz-WeiÃŸ NÃ¼rnberg SÃ¼d e.V"]
[BlackTeam "SC Schwarz-WeiÃŸ NÃ¼rnberg SÃ¼d e.V"]

1. d4 f5 2. c4 Nf6 3. Nc3 e6 4. Bg5 Be7 5. e3 d6 6. Bd3 O-O 7. h3 e5 8. dxe5
dxe5 9. Nge2 Nc6 10. a3 a5 11. Bc2 Nh5 12. Qxd8 Bxd8 13. Bxd8 Rxd8 14. Nd5 g6
15. Nxc7 Rb8 16. Rd1 Rd7 17. Nd5 Rf7 18. O-O Nf6 19. Nec3 Be6 20. Nb6 e4 21.
Rd6 Nd7 22. Nxd7 Bxd7 23. Rfd1 Be8 24. Bb3 Rg7 25. Nd5 Rd8 26. Nf6+ Kf8 27.
Rxd8 Nxd8 28. Rxd8 1-0

[Event "Kreismeisterschaft Mittelfranken Mitte 2"]
[Site "Nuernberg"]
[Date "2026.01.02"]
[Round "1.19"]
[White "Scheitler, Wolfgang"]
[Black "Hahn, Thomas"]
[Result "1/2-1/2"]
[WhiteElo "1699"]
[BlackElo "1813"]
[PlyCount "27"]
[EventDate "2026.01.02"]
[WhiteTeam "SC Schwarz-WeiÃŸ NÃ¼rnberg SÃ¼d e.V"]
[BlackTeam "Spvg Zabo-Eintracht NÃ¼rnberg e.V"]

1. d4 f5 2. c4 g6 3. Nf3 Bg7 4. Nc3 Nf6 5. Bf4 O-O 6. e3 d6 7. Be2 c6 8. Rb1
Qe8 9. a3 Nbd7 10. Ng5 e5 11. dxe5 dxe5 12. Bg3 h6 13. Nf3 b6 14. Qd6 1/2-1/2

[Event "Kreismeisterschaft Mittelfranken Mitte 2"]
[Site "Nuernberg"]
[Date "2026.01.02"]
[Round "1.20"]
[White "Levent, Abdullah"]
[Black "Naegelein, Louis"]
[Result "1-0"]
[WhiteElo "1710"]
[BlackElo "1692"]
[PlyCount "55"]
[EventDate "2026.01.02"]
[WhiteTeam "SC Noris-Tarrasch NÃ¼rnberg 1873"]
[BlackTeam "SV Postbauer e.V."]

1. e4 c6 2. d4 d5 3. Nc3 g6 4. Bd3 Bg7 5. e5 Nh6 6. f4 Bg4 7. Nf3 e6 8. h3 Bxf3
9. Qxf3 Nf5 10. Ne2 Qb6 11. Bxf5 gxf5 12. c3 Nd7 13. a4 c5 14. a5 Qc6 15. O-O
Bf8 16. Be3 c4 17. Rfb1 b5 18. axb6 Nxb6 19. Ra6 Qb5 20. Rba1 Nc8 21. Qh5 h6
22. Rxe6+ Be7 23. Bc1 Qb3 24. Ng3 Rg8 25. Nxf5 Qc2 26. Ne3 Qe4 27. Rxh6 Nb6 28.
Rxb6 1-0

[Event "Kreismeisterschaft Mittelfranken Mitte 2"]
[Site "Nuernberg"]
[Date "2026.01.02"]
[Round "1.21"]
[White "Ramonat, Valentin"]
[Black "Hestermann, Hans-Ludwig"]
[Result "1-0"]
[WhiteElo "1748"]
[BlackElo "1909"]
[PlyCount "27"]
[EventDate "2026.01.02"]
[WhiteTeam "SC Schwarz-WeiÃŸ NÃ¼rnberg SÃ¼d e.V"]
[BlackTeam "Spvg Zabo-Eintracht NÃ¼rnberg e.V"]

1. d4 d5 2. Nc3 Nf6 3. Bf4 c6 4. e3 Bf5 5. Nf3 e6 6. Ne5 Bd6 7. g4 Bxg4 8. Nxg4
Bxf4 9. exf4 Nh5 10. Qd2 Qh4 11. Be2 f5 12. Ne5 Nxf4 13. O-O-O Qxf2 14. Bh5+
1-0

[Event "Kreismeisterschaft Mittelfranken Mitte 2"]
[Site "Nuernberg"]
[Date "2026.01.02"]
[Round "1.22"]
[White "Mueller, Tim"]
[Black "Holzmann, Alisa"]
[Result "1/2-1/2"]
[WhiteElo "1713"]
[BlackElo "1512"]
[PlyCount "106"]
[EventDate "2026.01.02"]
[WhiteTeam "SC Noris-Tarrasch NÃ¼rnberg 1873"]
[BlackTeam "SC JÃ„KLECHEMIE Talente Franken e"]

1. e4 c5 2. Nf3 a6 3. c4 d6 4. d4 cxd4 5. Nxd4 e5 6. Nc2 Nf6 7. Nc3 Be7 8. Be2
Be6 9. Qd3 O-O 10. O-O Nbd7 11. b4 Rc8 12. Ne3 Nb6 13. Ncd5 Bxd5 14. exd5 Qd7
15. Bd2 Rc7 16. Rfc1 Rfc8 17. Bd1 Qd8 18. a4 Nbd7 19. a5 Ne8 20. Rab1 Bg5 21.
Be2 Qe7 22. Qe4 Bxe3 23. Bxe3 Nef6 24. Qh4 Re8 25. Qg3 Ne4 26. Qf3 Ng5 27. Qf5
h6 28. h4 g6 29. Qc2 Nh7 30. h5 Kg7 31. hxg6 fxg6 32. Qd2 Ng5 33. c5 Nf7 34. c6
bxc6 35. Bb6 Nxb6 36. axb6 Rb7 37. Bxa6 Rxb6 38. Rxc6 Qa7 39. b5 Reb8 40. Qc2
Qe7 41. Rxb6 Rxb6 42. Qc8 Qh4 43. Qc7 Qd4 44. Rc1 h5 45. Bc8 Rxb5 46. Be6 Qf4
47. g3 Qf3 48. Bxf7 Qxf7 49. Qd8 Kh6 50. Qh8+ Kg5 51. Qd8+ Kh6 52. Qh8+ Kg5 53.
Qd8+ Kh6 1/2-1/2

[Event "Kreismeisterschaft Mittelfranken Mitte 2"]
[Site "Nuernberg"]
[Date "2026.01.02"]
[Round "1.23"]
[White "Steindl, Horst"]
[Black "Suess, Helmut"]
[Result "0-1"]
[WhiteElo "1609"]
[BlackElo "1868"]
[PlyCount "92"]
[EventDate "2026.01.02"]
[WhiteTeam "SC Schwarz-WeiÃŸ NÃ¼rnberg SÃ¼d e.V"]
[BlackTeam "SC Noris-Tarrasch NÃ¼rnberg 1873"]

1. d4 g6 2. Bf4 Bg7 3. Nf3 Nf6 4. e3 c5 5. c3 Qb6 6. Qb3 Nc6 7. Bc4 Qxb3 8.
axb3 cxd4 9. Nxd4 O-O 10. Nxc6 bxc6 11. O-O d6 12. Nd2 e5 13. Bg3 Nd7 14. f4 d5
15. Ba6 e4 16. Bxc8 Rfxc8 17. b4 f5 18. Nb3 Nb6 19. Nd2 c5 20. b5 d4 21. exd4
cxd4 22. cxd4 Bxd4+ 23. Kh1 Bxb2 24. Rab1 Rc2 25. Be1 Rd8 26. Nb3 e3 27. Ba5
Rd5 28. Na1 Bxa1 29. Rxa1 Rxb5 30. Be1 Rbb2 31. Rg1 Nd5 32. Rxa7 Nxf4 33. Bg3
Nd3 34. Rga1 f4 35. Be1 g5 36. h3 h5 37. Kh2 f3 38. Ra8+ Kf7 39. R8a7+ Ke6 40.
R7a6+ Kf5 41. R6a5+ Rc5 42. Rxc5+ Nxc5 43. Kg3 f2 44. Bxf2 Rxf2 45. Re1 Ke4 46.
Kh2 Nd3 0-1

[Event "Kreismeisterschaft Mittelfranken Mitte 2"]
[Site "Nuernberg"]
[Date "2026.01.02"]
[Round "1.24"]
[White "Gottlieb, Michael"]
[Black "Sarcevic, Ivo"]
[Result "1-0"]
[WhiteElo "1755"]
[BlackElo "1674"]
[PlyCount "73"]
[EventDate "2026.01.02"]
[WhiteTeam "SV Postbauer e.V."]
[BlackTeam "SC Schwarz-WeiÃŸ NÃ¼rnberg SÃ¼d e.V"]

1. e4 e5 2. Nf3 Nc6 3. Nc3 Nf6 4. a3 Bd6 5. d4 a6 6. Bg5 O-O 7. Bc4 exd4 8.
Nxd4 Be5 9. Nf3 d6 10. h3 h6 11. Bh4 Qe8 12. Nxe5 Qxe5 13. Bg3 Qe8 14. O-O Be6
15. Be2 Qc8 16. Bh4 Nh7 17. f4 Bxh3 18. f5 g5 19. Bg3 Bxg2 20. Kxg2 Nf6 21. Rh1
Kg7 22. Bf3 Re8 23. Qd2 Ne5 24. Bxe5 Rxe5 25. Rxh6 Kxh6 26. Rh1+ Kg7 27. Qxg5+
Kf8 28. Qxf6 Ke8 29. Rh8+ Kd7 30. Rxc8 Rxc8 31. Qxf7+ Re7 32. Qb3 b5 33. a4
Rg7+ 34. Kf2 Rh8 35. Qe6+ Kd8 36. Qf6+ Kd7 37. Qxg7+ 1-0

[Event "Kreismeisterschaft Mittelfranken Mitte 2"]
[Site "Nuernberg"]
[Date "2026.01.02"]
[Round "1.25"]
[White "Majid, Hakim"]
[Black "Fridlin, Daniel"]
[Result "0-1"]
[WhiteElo "1592"]
[BlackElo "1701"]
[PlyCount "92"]
[EventDate "2026.01.02"]
[WhiteTeam "SC Schwarz-WeiÃŸ NÃ¼rnberg SÃ¼d e.V"]
[BlackTeam "SC Noris-Tarrasch NÃ¼rnberg 1873"]

1. e4 c5 2. Bc4 d6 3. Nc3 Nf6 4. Nge2 g6 5. O-O Bg7 6. d3 O-O 7. a3 Nc6 8. Be3
a6 9. Ba2 b5 10. Qc1 Bg4 11. f3 Bd7 12. Bh6 Qb6 13. Kh1 a5 14. Bxg7 Kxg7 15.
Nf4 e6 16. Nh3 b4 17. axb4 axb4 18. Ne2 Rfc8 19. Bb3 Na5 20. Ba4 c4 21. Bxd7
Nxd7 22. d4 Qb5 23. Qe3 Nc6 24. Rxa8 Rxa8 25. f4 c3 26. bxc3 bxc3 27. Re1 Ra3
28. Qc1 Qb4 29. Qe3 Nf6 30. e5 Nd5 31. Qe4 Ra4 32. Rd1 dxe5 33. fxe5 Nce7 34.
Nhf4 Ra2 35. h3 Qb2 36. Rc1 Nf5 37. Nd3 Qa3 38. Kh2 Nfe3 39. Nc5 Qb2 40. Qd3
Nxc2 41. Rf1 Nce3 42. Rf2 c2 43. Ne4 Ra1 44. N2g3 c1=Q 45. Rxb2 Qxb2 46. Nd6
Qxg2# 0-1

[Event "Kreismeisterschaft Mittelfranken Mitte 2"]
[Site "Nuernberg"]
[Date "2026.01.03"]
[Round "2.1"]
[White "Adeluette, Dennis"]
[Black "Werner, Norbert"]
[Result "1-0"]
[WhiteElo "2103"]
[BlackElo "1875"]
[PlyCount "87"]
[EventDate "2026.01.02"]
[WhiteTeam "SC JÃ„KLECHEMIE Talente Franken e"]
[BlackTeam "SC Schwarz-WeiÃŸ NÃ¼rnberg SÃ¼d e.V"]

1. d4 d5 2. c4 e6 3. Nf3 Nf6 4. Nc3 c6 5. e3 Bb4 6. Bd2 O-O 7. Bd3 dxc4 8. Bxc4
Nbd7 9. O-O Nb6 10. Bd3 c5 11. a3 Bxc3 12. Bxc3 cxd4 13. Bxd4 Re8 14. Qc2 h6
15. Rac1 Bd7 16. Ne5 Rc8 17. Qd2 Qe7 18. Qa5 Rxc1 19. Rxc1 Rc8 20. Rxc8+ Nxc8
21. Bc5 Qe8 22. Bxa7 Nxa7 23. Qxa7 Qc8 24. Nxd7 Nxd7 25. Qd4 Nf6 26. Qc4 Qd7
27. h3 g6 28. Qd4 Qe7 29. a4 e5 30. Qc4 Kg7 31. b4 Qd6 32. a5 h5 33. Be4 Qd1+
34. Kh2 Qe1 35. Bxb7 Qxf2 36. Qc3 Kh6 37. e4 Qh4 38. Qd2+ Kg7 39. g3 Ng4+ 40.
Kg2 Qe7 41. a6 Nf6 42. b5 h4 43. g4 Qa3 44. Qf2 1-0

[Event "Kreismeisterschaft Mittelfranken Mitte 2"]
[Site "Nuernberg"]
[Date "2026.01.03"]
[Round "2.2"]
[White "Papst, Arthur"]
[Black "Lemba, Albert"]
[Result "1-0"]
[WhiteElo "1772"]
[BlackElo "1973"]
[PlyCount "89"]
[EventDate "2026.01.02"]
[WhiteTeam "SK NÃ¼rnberg 1911 e.V."]
[BlackTeam "SC Noris-Tarrasch NÃ¼rnberg 1873"]

1. e4 c5 2. Nf3 Nc6 3. Bb5 e6 4. O-O Nge7 5. c3 a6 6. Ba4 b5 7. Bc2 d5 8. d4
cxd4 9. Nxd4 Nxd4 10. Qxd4 Bb7 11. Nd2 Qc7 12. a4 dxe4 13. axb5 axb5 14. Rxa8+
Bxa8 15. Bxe4 Bxe4 16. Qxe4 Nd5 17. Nf3 Be7 18. Nd4 Qc4 19. Be3 Nxe3 20. Qxe3
O-O 21. Qf3 Bf6 22. Nc6 h6 23. Rd1 Rc8 24. Nb4 Rc5 25. g3 Rf5 26. Qe3 h5 27. h3
h4 28. g4 Rf4 29. Qd3 Be7 30. Qxc4 bxc4 31. Nc6 Bc5 32. Rd2 Kh7 33. Kg2 Kh6 34.
Ne5 g5 35. f3 f6 36. Nf7+ Kg6 37. Nd8 e5 38. Ne6 Be3 39. Re2 Bc1 40. Nxf4+ gxf4
41. Re4 Bxb2 42. Rxc4 f5 43. gxf5+ Kxf5 44. Kf2 Bc1 45. Ke2 1-0